M+A. revista electrónica de medioambiente

Detalles Bibliográficos
Autor Corporativo: Universidad Complutense de Madrid
Formato: Electrónico Revista
Lenguaje:inglés
Publicado: Madrid : Universidad Complutense de Madrid
Materias:
Acceso en línea:Full text available from Research Library: 01/01/2006 to 07/31/2017

MARC

LEADER 00000nas a2200000 a 4500
001 ssj0000603775
003 WaSeSS
005 20200512172242.0
006 m d
007 cr n
008 110818c20069999sp f| p|s|||||| |0eng d
022 |a 1886-3329  |l 1886-3329 
035 |a (WaSeSS)ssj0000603775 
040 |a WaSeSS  |c WaSeSS  |d WaSeSS 
050 4 |a GE1 
210 0 |a M+A   |b (Madr.)  
222 0 |a M+A   |b (Madrid)  
245 0 0 |a M+A. revista electrónica de medioambiente  |h [electronic resource]. 
260 |a Madrid :  |b Universidad Complutense de Madrid 
310 |a Semiannual 
362 1 |a Began with Número 1 (2006). 
506 |a License restrictions may limit access. 
588 |a Description based on: Número 1 (2006); title from cover (e-Revistas, viewed August 10, 2011). 
588 |a Latest issue consulted: Número 6 (2009) (viewed August 10, 2011). 
650 0 |a Environmental sciences   |v Periodicals. 
650 0 |a Environmental protection   |v Periodicals. 
655 0 |a Electronic journals. 
710 2 |a Universidad Complutense de Madrid. 
856 4 0 |z Full text available from Research Library: 01/01/2006 to 07/31/2017  |u https://search.proquest.com/publication/54842